LEADER 01177nam a2200229 i 4500 001 000000145146 003 CaOOAMICUS 005 20051117000000.0 008 051117s1947 it u000 u ita u 013 $a120538 040 $aSeMil$bita 100 1 $aConvegno Italiano di Studi Filosofici Cristiani <2. ; 1946>.$0(OLS)http://semarc/name/57900 245 10$aFilosofia e cristianesimo :$batti del 2. convegno italiano di studi filosofici cristiani : Aloisianum, Gallarate 4-6 Settembre 1946. 260 $aMilano :$bC. Marzorati,$c1947. 300 $a335 p. ;$c26 cm. 500 $aIn testa al front. : Centro di Studi Cristiani, Sezione: Filosofia. 650 4$aFilosofia e cristianesimo.$0(OLS)http://semarc/subject/2860 650 4$aFilosofia cristiana - Atti di congressi.$0(OLS)http://semarc/subject/46229 850 $aSeMil 852 $aSeMil$W1$xVenegono$y1$m2R V 152$j97965$B97965$CSeMilBibl$Z2$F105842 $81 996 $6245$aFilosofia e cristianesimo :$batti del 2. convegno italiano di studi filosofici cristiani : Aloisianum, Gallarate 4-6 Settembre 1946$9(OLS)http://semarc/title/212310 996 $6260$aMilano :$bC. Marzorati$9(OLS)http://semarc/publisher/30157 LEADER 01748nam a2200217 i 4500 001 000000017114 003 CaOOAMICUS 005 20180830125443.0 008 180830s1756 fr u000 u und u 040 $aSeMil$bita 245 13$aLa Main de Dieu sur les incrédules, ou Histoire abrégée des Israëlites, souvent infidèles, et autant de fois punis... par le R.P.A. Touron de l'Ordre de S. Dominique. Tome 1. [-3.]. 260 $aA Paris :$bChez Babuty, Père, rue Saint Jaques, à Saint Chrysostome,$c1756. 300 $a3 v. ;$c12°. 500 $aVignetta xilogr. dui front. raffigurante S. Giovanni Crisostomo. 700 1 $aTouron, Antoine .$0(OLS)http://semarc/name/7842 700 1 $aBabuty,$c.$0(OLS)http://semarc/name/7843 774 0 $aTouron, Antoine $tTome premier, Contenant l'histoire des Hébreux, depuis leur union en Corps de nation, jusqu'à la division de leur Monarchie en deux Royaumes.$g1$w()41581 774 0 $aTouron, Antoine $tTome troisième, Contenant l'histoire des Juifs, depuis le retour de la captivité de Babylone, jusqu'à la dernière dispersion de la nation, après la ruine de Jérusalem par les Romains.$g3$w()213953 774 0 $tTome second, Contenant l'histoire des Hébreux, depuis la division de leur Monarchie en deux royaumes, jusqu'à la fin de la captivité de Babylone.$g2$w()213954 996 $6245$aLa Main de Dieu sur les incrédules, ou Histoire abrégée des Israëlites, souvent infidèles, et autant de fois punis... par le R.P.A. Touron de l'Ordre de S. Dominique. Tome 1. [-3.]$9(OLS)http://semarc/title/22625 996 $6260$aA Paris :$bChez Babuty, Père, rue Saint Jaques, à Saint Chrysostome$9(OLS)http://semarc/publisher/34570